[Event "AUT-chT2W 0910"]
[Site "Austria"]
[Date "2010.01.30"]
[Round "7.6"]
[White "Klinger, Josef Sr"]
[Black "Ferk, Martin"]
[Result "1/2-1/2"]
[WhiteElo "1984"]
[BlackElo "1964"]
[PlyCount "62"]
[EventDate "2009.10.23"]
[EventType "team-tourn"]
[EventRounds "11"]
[EventCountry "AUT"]
[SourceTitle "EXT 2011"]
[Source "ChessBase"]
[SourceDate "2010.11.26"]
[SourceVersion "1"]
[SourceVersionDate "2010.11.26"]
[SourceQuality "1"]
[WhiteTeam "Schwarzach"]
[BlackTeam "Goetzis"]
[WhiteTeamCountry "AUT"]
[BlackTeamCountry "AUT"]

1. e4 e6 2. d4 d5 3. e5 c5 4. c3 Qb6 5. f4 Bd7 6. Nf3 Bb5 7. dxc5 Bxc5 8. Bxb5+ Qxb5 9. Qe2 Qxe2+ 10. Kxe2 Nc6 11. Nbd2 Nge7 12. Nb3 Bb6 13. Be3 Bxe3 14. Kxe3 0-0 15. Rad1 Rac8 16. g4 Rfd8 17. h4 b5 18. Nfd4 Nxd4 19. Nxd4 a6 20. f5 exf5 21. gxf5 Nc6 22. Nxc6 Rxc6 23. Rd4 Kf8 24. Rhd1 Rc5 25. R1d3 Ke7 26. Kd2 Rc4 27. Rxd5 Rxd5 28. Rxd5 Rxh4 29. Rd6 Re4 30. f6+ gxf6 31. Rxf6 h5 1/2-1/2

[Event "Schwarzach op-B"]
[Site "Schwarzach"]
[Date "1998.08.29"]
[Round "8"]
[White "Klinger, Josef Sr"]
[Black "Wingender, Hans Peter"]
[Result "1-0"]
[WhiteElo "1868"]
[BlackElo "1851"]
[PlyCount "117"]
[EventDate "1998.08.30"]
[EventType "swiss"]
[EventRounds "9"]
[EventCountry "AUT"]
[SourceTitle "EXT 2000"]
[Source "ChessBase"]
[SourceDate "1999.11.16"]
[SourceVersion "1"]
[SourceVersionDate "1999.11.16"]
[SourceQuality "1"]

1. e4 c6 2. d4 d5 3. e5 Bf5 4. Bd3 Bxd3 5. Qxd3 e6 6. f4 c5 7. dxc5 Bxc5 8. Be3 Qb6 9. Bxc5 Qxc5 10. Nd2 Nc6 11. Nb3 Qb4+ 12. Qd2 Qe4+ 13. Kf2 Qf5 14. Nf3 Nge7 15. h3 0-0 16. Nbd4 Nxd4 17. Nxd4 Qh5 18. g4 Qh4+ 19. Kg2 Ng6 20. Rhf1 a6 21. Rae1 Qh6 22. Re2 Rfc8 23. Qe3 Nf8 24. f5 Qxe3 25. Rxe3 b5 26. a3 Rab8 27. b3 a5 28. Rff3 Rb6 29. Kg3 Nd7 30. Rc3 Nc5 31. Kf4 b4 32. axb4 axb4 33. Rce3 Ne4 34. g5 Ra6 35. Re2 g6 36. fxe6 fxe6 37. h4 Rf8+ 38. Kg4 Rxf3 39. Kxf3 Kf7 40. Re1 Ra8 41. Ke3 Ng3 42. Nc6 Nf5+ 43. Kd3 Rc8 44. Nxb4 Kg7 45. Rh1 Ng3 46. Ra1 Rc7 47. Ra6 Ne4 48. Kd4 Kf7 49. Nc6 Rd7 50. Ra8 Ng3 51. Kc5 Nf5 52. Kb6 Nxh4 53. b4 Nf3 54. b5 Nxg5 55. Ra7 Ke8 56. Rxd7 Kxd7 57. Ka7 Ne4 58. Nb8+ Kc8 59. Na6 1-0

[Event "Schwarzach op-B"]
[Site "Schwarzach"]
[Date "1998.08.27"]
[Round "6"]
[White "Otto, Klaus"]
[Black "Klinger, Josef Sr"]
[Result "0-1"]
[WhiteElo "1664"]
[BlackElo "1868"]
[PlyCount "64"]
[EventDate "1998.08.30"]
[EventType "swiss"]
[EventRounds "9"]
[EventCountry "AUT"]
[SourceTitle "EXT 2000"]
[Source "ChessBase"]
[SourceDate "1999.11.16"]
[SourceVersion "1"]
[SourceVersionDate "1999.11.16"]
[SourceQuality "1"]

1. e4 Nf6 2. Nc3 d5 3. exd5 Nxd5 4. Nxd5 Qxd5 5. Nf3 c5 6. b3 a6 7. c4 Qe4+ 8. Qe2 Bf5 9. Qxe4 Bxe4 10. Be2 Nc6 11. 0-0 Rd8 12. Re1 f6 13. Bd1 Bd3 14. Bc2 Nb4 15. Bxd3 Rxd3 16. Re2 e5 17. a3 Nc6 18. Re3 Rd7 19. Bb2 g6 20. Bc3 Bg7 21. Rd1 Kf7 22. Kf1 Rb8 23. Ne1 b5 24. cxb5 Rxb5 25. Rb1 Rdb7 26. Ba1 Na5 27. b4 Bf8 28. Nc2 Nc4 29. Rd3 cxb4 30. axb4 a5 31. Bc3 axb4 32. Ba1 b3 0-1

[Event "Schwarzach op-B"]
[Site "Schwarzach"]
[Date "1998.08.25"]
[Round "4"]
[White "Seher, Karl Heinz"]
[Black "Klinger, Josef Sr"]
[Result "1/2-1/2"]
[WhiteElo "1755"]
[BlackElo "1868"]
[PlyCount "82"]
[EventDate "1998.08.30"]
[EventType "swiss"]
[EventRounds "9"]
[EventCountry "AUT"]
[SourceTitle "EXT 2000"]
[Source "ChessBase"]
[SourceDate "1999.11.16"]
[SourceVersion "1"]
[SourceVersionDate "1999.11.16"]
[SourceQuality "1"]

1. Nf3 Nc6 2. g3 e5 3. d3 d5 4. Bg2 Be7 5. Nbd2 f5 6. 0-0 Nf6 7. Ne1 0-0 8. c4 Be6 9. cxd5 Bxd5 10. Bxd5+ Qxd5 11. Qb3 Nd4 12. Qxd5+ Nxd5 13. e3 Ne2+ 14. Kg2 f4 15. e4 Nb4 16. a3 Nc6 17. Ndf3 g5 18. Ng1 Ncd4 19. Nxe2 Nxe2 20. Nf3 Bf6 21. Re1 Nxc1 22. Raxc1 g4 23. Nd2 f3+ 24. Kg1 c6 25. Red1 Rfd8 26. Nf1 Bg5 27. Rc5 Re8 28. Nd2 Bxd2 29. Rxd2 Rad8 30. h4 Kf7 31. Kf1 Ke6 32. Ke1 Rd4 33. Rc4 Rd6 34. Kd1 Red8 35. Kc2 a5 36. b3 b6 37. Kc3 c5 38. Kc2 Kd7 39. a4 Kc6 40. Rc3 Kb7 41. Kb2 Kc6 1/2-1/2

[Event "Schwarzach op-B"]
[Site "Schwarzach"]
[Date "1998.08.22"]
[Round "1"]
[White "Klinger, Josef Sr"]
[Black "Raab, Erich"]
[Result "1/2-1/2"]
[WhiteElo "1868"]
[BlackElo "1644"]
[PlyCount "122"]
[EventDate "1998.08.30"]
[EventType "swiss"]
[EventRounds "9"]
[EventCountry "AUT"]
[SourceTitle "EXT 2000"]
[Source "ChessBase"]
[SourceDate "1999.11.16"]
[SourceVersion "1"]
[SourceVersionDate "1999.11.16"]
[SourceQuality "1"]

1. e4 e5 2. d4 exd4 3. Nf3 d6 4. Nxd4 Nf6 5. Nc3 h6 6. Be2 Nc6 7. Be3 Be7 8. f4 0-0 9. 0-0 Bd7 10. Rf2 Qc8 11. h3 Nxd4 12. Bxd4 Bc6 13. Bf3 b5 14. a3 Qb7 15. Qd3 Rad8 16. Re1 Rfe8 17. b4 a6 18. Rfe2 Nd7 19. Nd5 Bh4 20. Bf2 Bxf2+ 21. Kxf2 Nb6 22. Nxb6 Qxb6+ 23. Qe3 Qb7 24. Qd4 Re7 25. Re3 Rde8 26. g4 Qb8 27. c4 bxc4 28. Qxc4 Bb5 29. Qd4 Qd8 30. e5 dxe5 31. Qxd8 Rxd8 32. Rxe5 Red7 33. Re8+ Rxe8 34. Rxe8+ Kh7 35. Be4+ g6 36. Ke3 Kg7 37. Re5 Kf6 38. Rd5 Re7 39. Kd4 Rd7 40. h4 Ke7 41. g5 hxg5 42. hxg5 Rd6 43. Bc2 Ke6 44. f5+ gxf5 45. Bxf5+ Ke7 46. Ke5 Bd7 47. Bd3 Re6+ 48. Kd4 Rb6 49. Bc4 Be6 50. Re5 Kd7 51. Bd3 Kd6 52. Ra5 Bc8 53. Bc4 Ke7 54. Re5+ Be6 55. Kc5 Kd7 56. Bxe6+ Rxe6 57. Rxe6 Kxe6 58. Kc6 Kf5 59. Kxc7 Kxg5 60. a4 f5 61. b5 axb5 1/2-1/2